000 00805nam a2200253Ia 4500
003 OSt
005 20221005113505.0
006 a|||||r|||| 00| 0
007 ta
008 221004b |||||||| |||| 00| 0 pan d
020 _c120
024 _a12363
037 _b830, 15/03/2014, H.K. Prakashan
_cTextual
040 _aCRL
_cCRL
_bpan
041 _2pan
_apan
082 _aQ8441v, 153Q2
100 _aਸਿੰਘ, ਮੋਹਣ
245 0 _aਸਿੱਖ ਰਾਜ ਕਿਵੇ੍ਵ ਗਿਆ
260 _aਲੁਧਿਆਣਾ
_bਲਾਹੌਰ ਬੁੱਕ Fਾਪ ਭਾਰਤ
_c2012
300 _a264ਪੰ
_ccm.
650 _aਧਰਮ
942 _hQ8441v, 153Q2
_cTEXL
_2cc
999 _c1028359
_d1028359